000 005030000a22001930004500
001 003321
003 MACL
005 20150826151321.0
008 150826b xxu||||| |||| 00| 0 eng d
040 _aMACL
_cMACL
041 _aEnglish
082 _a791.43/JAI
100 _aJain, Jasbir
_97605
245 _aFilms and Feminism
_bEssays In Indian Cinema
_cJasbir Jain
260 _aNew Delhi
_c2002
_bRawat Publications,
350 _a525
650 _aPublic Performances
_97606
942 _k791
_cBK
_2ddc
999 _c15225
_d15225